[Event "POL-chT Region"]
[Site "Poland"]
[Date "1999.??.??"]
[Round "?"]
[White "Poprawa, Leslaw"]
[Black "Szkatula, Leszek"]
[Result "1/2-1/2"]
[WhiteElo "2129"]
[BlackElo "2295"]
[PlyCount "20"]
[EventDate "1999.??.??"]
[EventType "team"]
[EventRounds "13"]
[EventCountry "POL"]
[SourceTitle "EXT 2002"]
[Source "ChessBase"]
[SourceDate "2001.11.25"]
[SourceVersion "1"]
[SourceVersionDate "2001.11.25"]
[SourceQuality "1"]

1. Nf3 Nf6 2. g3 b6 3. Bg2 Bb7 4. c4 c5 5. 0-0 e6 6. Nc3 d6 7. d4 cxd4 8. Nxd4 Bxg2 9. Kxg2 Qc8 10. Qd3 Qb7+ 1/2-1/2

[Event "POL-chT Region"]
[Site "Poland"]
[Date "1999.??.??"]
[Round "?"]
[White "Poprawa, Leslaw"]
[Black "Wilk, Krzysztof"]
[Result "1-0"]
[WhiteElo "2129"]
[BlackElo "2081"]
[PlyCount "113"]
[EventDate "1999.??.??"]
[EventType "team"]
[EventRounds "13"]
[EventCountry "POL"]
[SourceTitle "EXT 2002"]
[Source "ChessBase"]
[SourceDate "2001.11.25"]
[SourceVersion "1"]
[SourceVersionDate "2001.11.25"]
[SourceQuality "1"]

1. Nf3 d5 2. g3 c6 3. Bg2 Bg4 4. 0-0 Nd7 5. d4 e6 6. Nbd2 f5 7. b3 Bd6 8. Bb2 Ngf6 9. Ne5 Qc7 10. Nxg4 Nxg4 11. e4 0-0 12. e5 Be7 13. c4 dxc4 14. Nxc4 Nb6 15. Qe2 Nd5 16. Rac1 Qd7 17. Ba3 Bxa3 18. Nxa3 Nh6 19. f4 Kh8 20. Nc4 Rg8 21. h4 Ng4 22. Bf3 h5 23. Bxg4 hxg4 24. Nd6 a5 25. a3 a4 26. b4 b5 27. Rc5 Rgb8 28. Qd3 Rb6 29. Re1 Rf8 30. Rc2 Ne7 31. Qe3 Nd5 32. Qf2 Kh7 33. Rec1 Ra6 34. Rc5 Rb8 35. Qc2 Rbb6 36. Qd3 Rb8 37. Kf2 Kg8 38. Rh1 Kh7 39. Rcc1 Ne7 40. Nf7 Nc8 41. Ng5+ Kg8 42. h5 Nb6 43. h6 g6 44. h7+ Kh8 45. Rh6 Qe8 46. Rhh1 Rd8 47. Rxc6 Qxc6 48. Nf7+ Kg7 49. d5 Nxd5 50. Nxd8 Qb6+ 51. Ke1 Qxd8 52. h8Q+ Qxh8 53. Rxh8 Kxh8 54. Qxb5 Rb6 55. Qxa4 Kg7 56. Qd7+ Kf8 57. b5 1-0